Statistics for Name a Valid: Movie Subtitle

Click here to take the quiz!

General Stats

  • This quiz has been taken 902 times
  • The average score is 13 of 22

Answer Stats

TitleSubtitles% Correct
Avengers:Age of Ultron | Infinity War | Endgame
94%
Star Wars:Episode I – The Phantom Menace | Episode II – Attack of the Clones
Episode III – Revenge of the Sith | Episode IV – A New Hope
Episode V – The Empire Strikes Back | Episode VI – Return of the Jedi
Episode VII – The Force Awakens | Episode VIII – The Last Jedi
Episode IX – The Rise of Skywalker
89%
The Lord of the Rings:The Fellowship of the Ring | The Two Towers | The Return of the King
88%
Captain America:The First Avenger | The Winter Soldier | Civil War
84%
The Hunger Games:Catching Fire | Mockingjay - Part 1 | Mockingjay - Part 2
82%
Pirates of the Caribbean:The Curse of the Black Pearl | Dead Man's Chest | At World's End
On Stranger Tides | Dead Men Tell No Tales
82%
Spider-Man:Homecoming | Far From Home | Into the Spider-Verse
81%
Thor:The Dark World | Ragnarok | Love and Thunder
80%
The Chronicles of Narnia:The Lion, the Witch and the Wardrobe
Prince Caspian | The Voyage of the Dawn Treader
67%
The Twilight Saga:New Moon | Eclipse | Breaking Dawn – Part 1 | Breaking Dawn – Part 2
66%
X-Men:The Last Stand | First Class | Days of Future Past | Apocalypse
64%
Rambo:First Blood Part II | Last Blood
61%
Austin Powers:International Man of Mystery | The Spy Who Shagged Me
60%
The Hobbit:An Unexpected Journey | The Desolation of Smaug | The Battle of the Five Armies
59%
Mission: Impossible -Ghost Protocol | Rogue Nation | Fallout
51%
Ice Age:The Meltdown | Dawn of the Dinosaurs | Continental Drift | Collision Course
47%
Transformers:Revenge of the Fallen | Dark of the Moon | Age of Extinction | The Last Knight
39%
The Lost World:Jurassic Park
33%
Three Colours:Blue | White | Red
31%
Night at the Museum:Battle of the Smithsonian | Secret of the Tomb
20%
Star Trek:The Motion Picture | First Contact | Insurrection | Nemesis
20%
Borat:Cultural Learnings of America for Make Benefit Glorious Nation of Kazakhstan
5%

Score Distribution

Percentile by Number Answered

Percent of People with Each Score

Your Score History

You have not taken this quiz